000 01043nam2a22003011 4500
001 rc\4022205
005 20130415131739.2
021 _aRU
_b[56-32610]
035 _a(NLR Aleph) 008087158
090 _a9160405
_c9160405
100 _a20130415d1956 |||y0rusy50 ca
101 0 _arus
102 _aRU
105 _aa z |||||
200 1 _aДля 5-го класса
_f[Сост. Бахмутова Е.К., Картиковская Н.А., Кодухов В.И.]
205 _a6-е изд.
210 _d1956
215 _a162 с.
_cил.
461 0 _1001rc\4022204
_12001#$aКнига для чтения по русскому языку$eДля татар. семилет. и сред. школы$eЧ. 1-$vЧ. 1
702 1 _aКартиковская
_bН. А.
_4220
702 1 _aБахмутова
_bЕ. К.
_gЕлена Константиновна
_4220
702 1 _aКодухов
_bВ. И.
_4220
801 0 _aRU
_bNLR
_gpsbo
801 1 _aRU
_bELAR
_2rusmarc
852 _aNLR
_bОНЛ
942 _cBOOK
980 _aNB